Common Knowledge #22 - Statistics

General Stats
  • This quiz has been taken 881 times
  • The average score is 19 of 23
Answer Stats
Hint Answer % Correct
Who was the first black president of the United States Barack Obama
99%
What is the most visited tourist attraction in Paris? Eiffel Tower
97%
Whose long reign as Queen of England began in 1952? Queen Elizabeth II
94%
What is the symbol that represents St. Patrick’s Day? Shamrock
93%
Who wears the glass slipper? Cinderella
92%
What movie begins with the words "a long time ago, in a galaxy far away"? Star Wars
91%
What is the capital of Mexico? Mexico City
89%
What political party was Hitler apart of? Nazi Party
88%
What is the southernmost country in Africa? South Africa
88%
What object do witches use to fly? Brooms
87%
What is the official language of the Netherlands? Dutch
87%
What famous general had the last name Bonaparte? Napoleon
87%
What three countries make up the region of Scandinavia? Sweden
86%
What three countries make up the region of Scandinavia? Norway
85%
What three countries make up the region of Scandinavia? Denmark
81%
In the Bible, who delivered the Ten Commandments from God to the people of Israel? Moses
80%
What do vertebrates have that invertebrates don't? Spine
80%
What is the name John in Spanish? Juan
76%
From what comic book company is human torch from? Marvel
75%
Who floated like a butterfly and stung like a bee? Muhammad Ali
75%
What place in the U.S. is known as the Motor City? Detroit
66%
Where is the world’s largest active volcano located? Hawaii
63%
What is the name of the "pointy" teeth that people have next to their incisors? Canines
56%
No matching quizzes found
Score Distribution
Percent of People with Each Score
Percentile by Number Answered
Your Score History
You have not taken this quiz